Real Betis players (2010-2020) - Statistics

General Stats
  • This quiz has been taken 14 times
  • The average score is 57 of 152
Answer Stats
Rank Player Positions Nationality Matches Goals (assists) Period % Correct
5 Aïssa Mandi CB 124 4 (2) 2016-2020
100%
3 Antonio Adán GK 160 0 (4) 2013-2018
100%
4 Joaquín RW 157 22 (20) 2015-2020
100%
2 Jorge Molina ST 178 66 (18) 2010-2016
100%
1 Rubén Castro ST 259 136 (35) 2010-2018
100%
10 Andrés Guardado CM 88 2 (15) 2017-2020
86%
31 Antonio Sanabria ST 54 14 (1) 2016-2019
86%
51 Junior Firpo LB 38 5 (6) 2017-2019
86%
14 Marc Bartra CB 79 5 (1) 2017-2020
86%
7 Beñat Etxebarria CM 104 14 (12) 2010-2013
71%
11 Cristian Tello LW 88 10 (11) 2017-2020
71%
29 Fabián Ruiz CM 56 3 (7) 2014-2018
71%
65 Giovani Lo Celso AM 32 9 (5) 2018-2019
71%
33 Javi García DM 53 1 (0) 2017-2020
71%
37 Riza Durmisi LB 51 3 (7) 2016-2018
71%
18 Sergio Canales AM 68 13 (8) 2018-2020
71%
44 William Carvalho DM 43 0 (5) 2018-2020
71%
62 Adrián GK 32 0 (0) 2012-2013
57%
70 Alejandro Pozuelo AM 29 3 (2) 2011-2013
57%
67 Álex Moreno LB 31 0 (4) 2019-2020
57%
117 Ángel López RB 11 1 (0) 2012-2013
57%
21 Antonio Amaya CB 64 1 (1) 2011-2014
57%
57 Borja Iglesias ST 35 3 (3) 2019-2020
57%
114 Braian Rodríguez ST 12 1 (1) 2013-2014
57%
149 Carlos García AM 1 0 (0) 2012-2013
57%
8 Dani Ceballos CM 98 7 (9) 2013-2017
57%
73 Diego Lainez RW 27 0 (1) 2018-2020
57%
25 Germán Pezzella CB 61 4 (1) 2015-2017
57%
111 Guido Rodríguez DM 14 1 (0) 2019-2020
57%
55 Joel Campbell RW 36 4 (4) 2012-2013, 2017-2018
57%
58 Juanfran Moreno RB 34 1 (2) 2013-2014
57%
140 Juanma García RW 3 0 (0) 2013-2014
57%
66 Nabil Fekir AM 32 7 (7) 2019-2020
57%
60 Pau López GK 33 0 (0) 2018-2019
57%
133 Pedro López GK 6 0 (0) 2013-2014, 2017-2018
57%
127 Rafael van der Vaart AM 7 0 (0) 2015-2016
57%
143 Raúl García ST 3 0 (0) 2019-2020
57%
147 Rodri RM 2 0 (0) 2010-2011
57%
56 Ryad Boudebouz AM 36 2 (3) 2017-2019
57%
40 Sergio León ST 47 11 (2) 2017-2019
57%
135 Sergio Rodríguez AM 6 0 (0) 2010-2013
57%
52 Sidnei CB 38 2 (0) 2018-2020
57%
128 Stephan Andersen GK 7 0 (0) 2013-2014
57%
125 Takashi Inui LW 8 0 (0) 2018-2019
57%
71 Achille Emaná AM 28 13 (0) 2010-2011
43%
15 Alfred N'Diaye DM 78 3 (5) 2013-2016
43%
38 Álvaro Vadillo LW 48 0 (5) 2011-2016
43%
13 Bruno González CB 81 3 (0) 2014-2017
43%
42 Casto GK 44 0 (0) 2010-2013
43%
36 Cristiano Piccini CB 51 2 (3) 2014-2017
43%
68 Damien Perquis CB 31 0 (0) 2012-2015
43%
77 Darko Brasanac CM 25 1 (1) 2016-2017
43%
120 Edgar González CB 10 0 (0) 2019-2020
43%
110 Felipe Gutiérrez CM 14 1 (0) 2016-2017
43%
53 Fran Varela LB 36 0 (4) 2014-2016
43%
106 Guillermo Sara GK 15 0 (0) 2013-2014
43%
91 Heiko Westermann CB 20 1 (0) 2015-2016
43%
19 Iriney CM 67 3 (0) 2010-2012
43%
139 Ismael Gutiérrez CM 3 0 (0) 2019-2020
43%
32 Jonathan Pereira ST 54 7 (8) 2010-2013
43%
94 Juan Manuel Vargas LB 20 2 (2) 2015-2016
43%
124 Juanmi LW 8 1 (0) 2019-2020
43%
12 Loren Morón ST 84 23 (3) 2017-2020
43%
43 Nono DM 43 0 (2) 2011-2015
43%
89 Rafa Navarro RB 21 2 (2) 2016-2018
43%
61 Roque Santa Cruz ST 33 7 (1) 2011-2012
43%
79 Rubén Pérez DM 25 1 (0) 2012-2013
43%
9 Salva Sevilla CM 96 11 (8) 2010-2014
43%
34 Zouhair Feddal CB 53 5 (4) 2017-2020
43%
144 Aitor Ruibal RB 2 0 (0) 2017-2018
29%
75 Álex Alegría ST 26 3 (2) 2014-2015, 2016-2017
29%
45 Álex Martínez LB 41 0 (2) 2010-2013, 2014-2015, 2016-2017
29%
83 Alin Toșca CB 23 0 (0) 2016-2018
29%
16 Álvaro Cejudo CF 77 3 (5) 2014-2017
29%
30 Antonio Barragán RB 55 0 (7) 2017-2020
29%
97 Carles Aleñá CM 17 1 (0) 2019-2020
29%
84 Cedrick LW 23 0 (1) 2013-2014
29%
80 Charly Musonda Jr. LW 24 1 (3) 2015-2017
29%
17 Chechu Dorado CB 73 3 (0) 2010-2013
29%
130 Dani Martín GK 6 0 (0) 2019-2020
29%
115 Dídac Vilà LB 12 0 (1) 2013-2014
29%
122 Didier Digard DM 8 0 (0) 2015-2016
29%
49 Emerson Royal RB 39 3 (6) 2018-2020
29%
99 Fabri GK 17 0 (0) 2011-2013
29%
64 Foued Kadir AM 32 1 (4) 2014-2016
29%
47 Francisco Portillo RW 40 0 (4) 2014-2016
29%
76 Iñaki Goitia GK 26 0 (0) 2010-2012
29%
23 Javi Chica RB 62 2 (3) 2011-2014
29%
35 Javier Matilla CM 52 1 (3) 2011-2012, 2013-2015
29%
69 Jefferson Montero LW 31 1 (3) 2011-2012
29%
92 Joan Verdú AM 20 2 (2) 2013-2014
29%
50 Joel Robles GK 38 0 (0) 2018-2020
29%
93 Jonas Martin DM 20 2 (0) 2016-2017
29%
78 Jordi Amat CB 25 0 (0) 2017-2018
29%
20 Jordi Figueras CB 67 1 (1) 2013-2016
29%
107 Jorge Casado CB 15 0 (2) 2014-2015
29%
22 José Alberto Cañas DM 64 0 (1) 2010-2013
29%
145 Julio Gracia CM 2 0 (0) 2017-2018
29%
141 Leandro Damião ST 3 0 (0) 2015-2016
29%
100 Léo Baptistão ST 17 1 (1) 2013-2014
29%
28 Lorenzo Reyes DM 58 1 (1) 2013-2015
29%
59 Mario Abrante CB 33 1 (0) 2011-2013
29%
142 Markus Steinhöfer RB 3 0 (0) 2013-2014
29%
113 Martín Montoya RB 13 0 (1) 2015-2016
29%
101 Matías Nahuel LW 17 0 (0) 2016-2018
29%
6 Nacho LB 117 1 (4) 2010-2014
29%
81 Nélson RB 24 1 (0) 2011-2013
29%
24 Petros DM 62 2 (4) 2015-2017
29%
103 Ricky van Wolfswinkel ST 16 1 (2) 2015-2016
29%
134 Roman Zozulya ST 6 0 (0) 2016-2017
29%
104 Rubén Pardo CM 16 1 (0) 2016-2017
29%
105 Ryan Donk CB 16 0 (1) 2016-2017
29%
121 Salvador Agra RW 10 1 (0) 2012-2013
29%
82 Víctor Camarasa CM 24 1 (0) 2017-2018
29%
48 Vincenzo Rennella ST 40 7 (4) 2014-2016
29%
39 Xavi Torres DM 48 2 (2) 2013-2016
29%
86 Alfonso Pedraza LB 21 1 (0) 2019-2020
14%
102 Arzu CB 16 1 (0) 2010-2011
14%
109 Chuli ST 14 0 (1) 2013-2015
14%
119 Dani Giménez GK 10 0 (0) 2014-2018
14%
98 Dorlan Pabón RW 17 8 (4) 2012-2013
14%
150 Dusko Tosic CB 1 0 (0) 2011-2012
14%
27 Francisco Molinero RB 58 1 (6) 2014-2016
14%
54 Francis Guerrero RB 36 1 (1) 2017-2019
14%
138 Guillermo Molins ST 4 0 (0) 2012-2013
14%
137 Héctor Rodas CB 5 0 (0) 2014-2015
14%
123 José Antonio Caro CB 8 0 (0) 2013-2015
14%
126 Juanjo Narváez ST 7 0 (0) 2017-2018
14%
41 Juankar LB 45 0 (6) 2012-2014
14%
146 Manu Palancar RB 2 0 (0) 2010-2011
14%
118 Miki Roqué CB 11 2 (0) 2010-2011
14%
95 Momo LW 20 0 (0) 2010-2012
14%
72 Nosa Igiebor CM 28 2 (1) 2012-2014
14%
26 Paulão CB 60 2 (0) 2011-2014
14%
90 Rovérsio CB 21 3 (0) 2010-2011
14%
108 Wilfrid Kaptoum CM 15 0 (0) 2018-2020
14%
148 Agustín Pastoriza LW 1 0 (0) 2013-2014
0%
85 Dani Pacheco DM 23 0 (1) 2014-2015
0%
96 David Belenguer CB 19 0 (0) 2010-2011
0%
151 Eder Vilarchao AM 1 0 (0) 2012-2013
0%
63 Ezequiel Calvente RW 32 1 (0) 2010-2012
0%
152 Fausto Tienza CM 1 0 (0) 2012-2013
0%
136 Fernando Vega LB 5 0 (0) 2010-2011
0%
46 Isidoro RB 41 1 (0) 2010-2012
0%
87 Israel Bascón RM 21 1 (0) 2010-2011
0%
112 Jesé LW 14 2 (0) 2018-2019
0%
131 José Carlos Ramírez CB 6 0 (0) 2016-2017
0%
116 Juande Prados DM 12 0 (0) 2010-2011
0%
74 Juanma RW 27 0 (2) 2010-2012
0%
132 Juan Pablo Caffa LM 6 1 (0) 2010-2011
0%
88 Miguel Lopes RB 21 0 (0) 2010-2011
0%
129 Ustaritz CB 7 0 (0) 2011-2012
0%
No matching quizzes found
Score Distribution
Percent of People with Each Score
Percentile by Number Answered
Your Score History
You have not taken this quiz